La hija del caníbal

Gespeichert in:
Bibliographische Detailangaben
1. Verfasser: Montero, Rosa (autora)
Format: Buch
Sprache:Spanisch
Veröffentlicht: Madrid Espasa Calpe 1997
Ausgabe:5a. ed
Schriftenreihe:Espasa Narrativa
Schlagworte:
Tags: Tag hinzufügen
Keine Tags, Fügen Sie den ersten Tag hinzu!

MARC

LEADER 00000nam a2200000 a 4500
001 UCS5577
003 CL-VaPUC
008 970906e19970000SP |||||||||||||||||spa|d
082 0 4 |a 863  |b MON  |2 21 
100 |a Montero, Rosa  |e autora  |9 431317 
245 1 3 |a La hija del caníbal 
250 |a 5a. ed 
300 |a 338 p 
942 |c BK 
945 |d 19970906 00:00:00  |a jquezada 
260 |a Madrid  |b Espasa Calpe  |c 1997 
650 0 |a Novelas españolas  |9 265052 
583 |a last modification  |c 19970906 00:00:00  |k Rodrigo Vera 
490 0 |a Espasa Narrativa 
999 |c 261955  |d 261953 
952 |0 0  |1 0  |4 0  |6 863_000000000000000_MON_1997  |7 0  |8 A  |9 290026  |a BIBEDU  |b BIBEDU  |c ES_NOD  |d 2019-11-19  |i 3343839  |o 863 MON 1997  |p 3343839  |r 2023-08-09  |w 2019-11-19  |y BK  |k LIT